<?xml version="1.0" encoding="UTF-8"?>
<record
    xmlns:xsi="http://www.w3.org/2001/XMLSchema-instance"
    xsi:schemaLocation="http://www.loc.gov/MARC21/slim http://www.loc.gov/standards/marcxml/schema/MARC21slim.xsd"
    xmlns="http://www.loc.gov/MARC21/slim">

  <leader>00529nam a22001937a 4500</leader>
  <controlfield tag="003">OSt</controlfield>
  <controlfield tag="005">20240327120641.0</controlfield>
  <controlfield tag="008">180213b        xxu||||| |||| 00| 0 eng d</controlfield>
  <datafield tag="020" ind1=" " ind2=" ">
    <subfield code="a">978-8185771281</subfield>
  </datafield>
  <datafield tag="040" ind1=" " ind2=" ">
    <subfield code="c">SEROSOFT</subfield>
  </datafield>
  <datafield tag="082" ind1=" " ind2=" ">
    <subfield code="2">3RD. ED.</subfield>
    <subfield code="a">624.171 SHA</subfield>
  </datafield>
  <datafield tag="100" ind1=" " ind2=" ">
    <subfield code="a">SHARMA, N</subfield>
  </datafield>
  <datafield tag="245" ind1=" " ind2=" ">
    <subfield code="a">EARTHQUAKE RESISTANT BUILDING</subfield>
    <subfield code="c">AUTHOR</subfield>
    <subfield code="h">ENGLISH</subfield>
  </datafield>
  <datafield tag="250" ind1=" " ind2=" ">
    <subfield code="a">3RD. ED.</subfield>
  </datafield>
  <datafield tag="260" ind1=" " ind2=" ">
    <subfield code="a">DELHI</subfield>
    <subfield code="b">KATARIA</subfield>
    <subfield code="c">2017</subfield>
  </datafield>
  <datafield tag="300" ind1=" " ind2=" ">
    <subfield code="b">3RD. ED. 204 PP.</subfield>
    <subfield code="e">PAPERBACK</subfield>
  </datafield>
  <datafield tag="856" ind1=" " ind2=" ">
    <subfield code="3">PAPERBACK</subfield>
  </datafield>
  <datafield tag="942" ind1=" " ind2=" ">
    <subfield code="2">ddc</subfield>
    <subfield code="c">02</subfield>
    <subfield code="e">3RD.ED.</subfield>
    <subfield code="h">TITLE</subfield>
    <subfield code="k">624.171</subfield>
    <subfield code="m">SHA</subfield>
  </datafield>
  <datafield tag="999" ind1=" " ind2=" ">
    <subfield code="c">41017</subfield>
    <subfield code="d">41017</subfield>
  </datafield>
  <datafield tag="952" ind1=" " ind2=" ">
    <subfield code="0">0</subfield>
    <subfield code="1">0</subfield>
    <subfield code="2">ddc</subfield>
    <subfield code="4">0</subfield>
    <subfield code="7">0</subfield>
    <subfield code="a">01</subfield>
    <subfield code="b">01</subfield>
    <subfield code="d">2018-02-13</subfield>
    <subfield code="e">BHARAT BOOKS DITRIBUTORS</subfield>
    <subfield code="g">150.00</subfield>
    <subfield code="i">399 DATED 12/02/2018</subfield>
    <subfield code="l">1</subfield>
    <subfield code="o">624.171 SHA</subfield>
    <subfield code="p">01-B-126149</subfield>
    <subfield code="r">2018-05-28</subfield>
    <subfield code="s">2018-03-28</subfield>
    <subfield code="u">civil engg</subfield>
    <subfield code="v">150.00</subfield>
    <subfield code="w">2018-02-13</subfield>
    <subfield code="y">02</subfield>
    <subfield code="z"> </subfield>
  </datafield>
  <datafield tag="952" ind1=" " ind2=" ">
    <subfield code="0">0</subfield>
    <subfield code="1">0</subfield>
    <subfield code="2">ddc</subfield>
    <subfield code="4">0</subfield>
    <subfield code="7">0</subfield>
    <subfield code="a">01</subfield>
    <subfield code="b">01</subfield>
    <subfield code="d">2018-02-13</subfield>
    <subfield code="e">BHARAT BOOKS DITRIBUTORS</subfield>
    <subfield code="g">150.00</subfield>
    <subfield code="i">399 DATED 12/02/2018</subfield>
    <subfield code="l">2</subfield>
    <subfield code="o">624.171 SHA</subfield>
    <subfield code="p">01-B-126150</subfield>
    <subfield code="r">2021-07-26</subfield>
    <subfield code="s">2021-04-05</subfield>
    <subfield code="u">civil engg</subfield>
    <subfield code="v">150.00</subfield>
    <subfield code="w">2018-02-13</subfield>
    <subfield code="y">02</subfield>
    <subfield code="z"> </subfield>
  </datafield>
  <datafield tag="952" ind1=" " ind2=" ">
    <subfield code="0">0</subfield>
    <subfield code="1">0</subfield>
    <subfield code="2">ddc</subfield>
    <subfield code="4">0</subfield>
    <subfield code="7">0</subfield>
    <subfield code="a">01</subfield>
    <subfield code="b">01</subfield>
    <subfield code="d">2018-02-13</subfield>
    <subfield code="e">BHARAT BOOKS DITRIBUTORS</subfield>
    <subfield code="g">150.00</subfield>
    <subfield code="i">399 DATED 12/02/2018</subfield>
    <subfield code="l">3</subfield>
    <subfield code="o">624.171 SHA</subfield>
    <subfield code="p">01-B-126151</subfield>
    <subfield code="r">2021-06-25</subfield>
    <subfield code="s">2021-01-07</subfield>
    <subfield code="u">civil engg</subfield>
    <subfield code="v">150.00</subfield>
    <subfield code="w">2018-02-13</subfield>
    <subfield code="y">02</subfield>
    <subfield code="z"> </subfield>
  </datafield>
  <datafield tag="952" ind1=" " ind2=" ">
    <subfield code="0">0</subfield>
    <subfield code="1">0</subfield>
    <subfield code="2">ddc</subfield>
    <subfield code="4">0</subfield>
    <subfield code="7">0</subfield>
    <subfield code="a">01</subfield>
    <subfield code="b">01</subfield>
    <subfield code="d">2018-02-13</subfield>
    <subfield code="e">BHARAT BOOKS DITRIBUTORS</subfield>
    <subfield code="g">150.00</subfield>
    <subfield code="i">399 DATED 12/02/2018</subfield>
    <subfield code="l">2</subfield>
    <subfield code="o">624.171 SHA</subfield>
    <subfield code="p">01-B-126152</subfield>
    <subfield code="r">2019-06-14</subfield>
    <subfield code="s">2019-02-01</subfield>
    <subfield code="u">civil engg</subfield>
    <subfield code="v">150.00</subfield>
    <subfield code="w">2018-02-13</subfield>
    <subfield code="y">02</subfield>
    <subfield code="z"> </subfield>
  </datafield>
  <datafield tag="952" ind1=" " ind2=" ">
    <subfield code="0">0</subfield>
    <subfield code="1">0</subfield>
    <subfield code="2">ddc</subfield>
    <subfield code="4">0</subfield>
    <subfield code="7">0</subfield>
    <subfield code="a">01</subfield>
    <subfield code="b">01</subfield>
    <subfield code="d">2018-02-13</subfield>
    <subfield code="e">BHARAT BOOKS DITRIBUTORS</subfield>
    <subfield code="g">150.00</subfield>
    <subfield code="i">399 DATED 12/02/2018</subfield>
    <subfield code="l">3</subfield>
    <subfield code="o">624.171 SHA</subfield>
    <subfield code="p">01-B-126153</subfield>
    <subfield code="r">2024-06-26</subfield>
    <subfield code="s">2024-03-20</subfield>
    <subfield code="u">civil engg</subfield>
    <subfield code="v">150.00</subfield>
    <subfield code="w">2018-02-13</subfield>
    <subfield code="y">02</subfield>
    <subfield code="z"> </subfield>
  </datafield>
  <datafield tag="952" ind1=" " ind2=" ">
    <subfield code="0">0</subfield>
    <subfield code="1">0</subfield>
    <subfield code="2">ddc</subfield>
    <subfield code="4">0</subfield>
    <subfield code="7">0</subfield>
    <subfield code="a">01</subfield>
    <subfield code="b">01</subfield>
    <subfield code="d">2018-02-13</subfield>
    <subfield code="e">BHARAT BOOKS DITRIBUTORS</subfield>
    <subfield code="g">150.00</subfield>
    <subfield code="i">399 DATED 12/02/2018</subfield>
    <subfield code="l">2</subfield>
    <subfield code="o">624.171 SHA</subfield>
    <subfield code="p">01-B-126154</subfield>
    <subfield code="r">2025-03-21</subfield>
    <subfield code="s">2025-02-18</subfield>
    <subfield code="u">civil engg</subfield>
    <subfield code="v">150.00</subfield>
    <subfield code="w">2018-02-13</subfield>
    <subfield code="y">02</subfield>
    <subfield code="z"> </subfield>
  </datafield>
  <datafield tag="952" ind1=" " ind2=" ">
    <subfield code="0">0</subfield>
    <subfield code="1">0</subfield>
    <subfield code="2">ddc</subfield>
    <subfield code="4">0</subfield>
    <subfield code="7">0</subfield>
    <subfield code="a">01</subfield>
    <subfield code="b">01</subfield>
    <subfield code="d">2018-02-13</subfield>
    <subfield code="e">BHARAT BOOKS DITRIBUTORS</subfield>
    <subfield code="g">150.00</subfield>
    <subfield code="i">399 DATED 12/02/2018</subfield>
    <subfield code="l">1</subfield>
    <subfield code="o">624.171 SHA</subfield>
    <subfield code="p">01-B-126155</subfield>
    <subfield code="r">2018-06-05</subfield>
    <subfield code="s">2018-04-27</subfield>
    <subfield code="u">civil engg</subfield>
    <subfield code="v">150.00</subfield>
    <subfield code="w">2018-02-13</subfield>
    <subfield code="y">02</subfield>
    <subfield code="z"> </subfield>
  </datafield>
</record>
